NBA Top 10 General Managers All-Time - Statistics

General Stats
  • This quiz has been taken 72 times
  • The average score is 4 of 12
Answer Stats
Player % Correct
Pat Riley Heat since 1995, 1 time EOTY
72%
Red Auerbach Celtics 1950 to 1984, 1 time EOTY
63%
R.C. Buford | Gregg Popovich Spurs since 1994, RC 2 time EOTY
58%
Jerry West Lakers 1982 to 2000, Grizzlies 2002 to 2007, 2 times EOTY (part of the Warriors 2011-2017 and Clippers since 2017)
54%
Jerry Krause Bulls 1985 to 2003
39%
Danny Ainge Celtics since 2003, 1 time EOTY
37%
Donnie Nelson Mavericks since 2005
21%
Bryan Colangelo Suns 1994 to 2006, Raptors 2006 to 2013, 76ers 2016 to 2018, 2 times EOTY
18%
Jerry Colangelo Suns 1968 to 1994, 76ers, 4 time EOTY
18%
Bob Myers Warriors since 2012, 2 times EOTY
11%
Jack McCloskey Pistons 1979 to 1992, Twolves 1992 to 1995
11%
Geoff Petrie Blazers 1992 to 1994, Kings 1994 to 2013, 2 times EOTY
2%
No matching quizzes found
Score Distribution
Percent of People with Each Score
Percentile by Number Answered
Your Score History
You have not taken this quiz